Extreme Points by Continent - Statistics

General Stats
  • This quiz has been taken 35 times
  • The average score is 7 of 24
Answer Stats
Hint Explanation Answer % Correct
Rossøya Norway (Svalbard) Europe
85%
Auckland Islands New Zealand Oceania
78%
Ilha do Sul Brazil South America
70%
Kure Atoll United States (Hawaii) Oceania
67%
Águila Islet Chile South America
44%
Bajo Nuevo keys Colombia South America
44%
Big Diomede Russia Asia
41%
Cape Agulhas South Africa Africa
37%
Amatignak Island United States North America
37%
Cape Flissingsky Russia Europe
33%
Monchique Islet Portugal (Azores) Europe
30%
Rodrigues Mauritius Africa
22%
Iles des Chiens Tunisia Africa
22%
Cape Trypiti Greece Europe
19%
Darwin Island Ecuador (seen in thumbnail) South America
19%
Santo Antão Cape Verde Africa
11%
Cape Baba Turkey Asia
11%
Pamana Island Indonesia Asia
11%
Nordostrundingen Denmark (Greenland) North America
11%
Dirk Hartog Island Australia Oceania
11%
Arctic Cape Russia Asia
7%
Cocos Island Costa Rica North America
7%
Kaffeklubben Island Denmark (Greenland) North America
7%
Isla Salas y Gómez Chile Oceania
7%
No matching quizzes found
Score Distribution
Percent of People with Each Score
Percentile by Number Answered
Your Score History
You have not taken this quiz